000
00209 a2200097 4500
001
47164
100
_a
Marley D
245
_a
The Dailp Telegraph
260
_a
London
_b
Odhams Press
_c
090
_c
30220
_d
30220
942
_a
NUST-CAE
_c
M
_c
22471
999
_c
282237
_d
282237